00309nam a2200109Ia 4500008004100000020001800041100002100059245005700080250001600137260003200153300001400185171211s9999 xx 000 0 und d a8888815000192 aPatton, Kevin T. aLaboratory Manual Essentials of Anatomy & Physiology a8th Edition bMcGraw-Hill Educationc2013 a328 pages